000 00844nam a2200217Ii 4500
003 JO-AjNU
008 230605s9999||||xx |||||||||||||| ||und||
017 _a2009/1/44
020 _a978-9957-506-13-1
040 _aJO-AjNU
_bara
_erda
_cJO-AjNU
041 _aara
050 1 4 _aPJ8410.B3438 2009
100 3 _aالبلداوي،حميده صالح,
_eauthor
_923476
245 0 0 _aموازنات شعرية بين الأندلسيين والمشارقة
264 3 1 _aعمان: دار الضياء للنشر والتوزيع، 2009 ؛ عمان: دار اعماد الدين للنشر والتوزيع، 2009
300 _a198ص
336 _atext
_btxt
_2rdacontent
337 _aunmediated
_bn
_2rdamedia
338 _avolume
_bnc
_2rdacarrier
650 4 _aالشعر العربي - الأدب العربي - تحليل ونقد
_923477
999 _aA8498
_c12066
_d12066